000 00393nam a2200169Ia 4500
008 090124s9999 xx 000 0 und d
082 _b47044
100 _aSHARMA ROBIN S.
245 _aDAILY INSPIRATION
250 _a0
260 _c2008
600 _aSHARMA ROBIN S.
630 _aDAILY INSPIRATION
700 _aSHARMA ROBIN S.
730 _aDAILY INSPIRATION
942 _cBOOK
999 _c113264
_d113264